| 000 | 00388cam a2200169ua 4500 | ||
|---|---|---|---|
| 020 | _c1.75 | ||
| 041 |
_amal _h |
||
| 082 |
_a894.812308 _bDAM/OM |
||
| 100 | _aDamodaran, K . | ||
| 245 |
_aOmala / _cK Damodaran. _hTextual Documents |
||
| 260 |
_aThrissur : _bCurrent Books , _c1960. |
||
| 300 | _a102 ; . | ||
| 365 | _a1.75 | ||
| 504 | _a | ||
| 942 | _cBK | ||
| 999 |
_c4521 _d4521 |
||